[Event "Montpellier-A"]
[Site "Montpellier"]
[Date "1989.??.??"]
[Round "?"]
[White "Andruet, Gilles"]
[Black "Weill, Roland"]
[Result "1-0"]
[WhiteElo "2360"]
[BlackElo "2235"]

1.d4 g6 2.c4 Bg7 3.Nc3 d6 4.e4 Nd7 5.Nf3 e5 6.Be2 Ngf6 7.O-O O-O 8.Qc2 h6
9.Rd1 Nh7 10.dxe5 dxe5 11.c5 c6 12.b4 Qe7 13.Ba3 a6 14.Rd6 Ndf6 15.Na4 Bg4
16.Rad1 Bxf3 17.Bxf3 Ng5 18.Qd3 Nxf3+ 19.Qxf3 Rad8 20.Qd3 Rxd6 21.cxd6 Qe6
22.Nc5 Qxa2 23.Nxb7 Nd7 24.Qxa6 Bf6 25.Qd3 Rb8 26.Na5 c5 27.Nc6 Ra8 28.Bc1 c4
29.Qf3 Kg7 30.Ne7 Qb3 31.Be3 c3 32.Nd5 Rc8 33.Bd2 g5 34.Bxc3 Nb6 35.Bxe5  1-0

[Event "Montpellier-B"]
[Site "Montpellier"]
[Date "1989.??.??"]
[Round "?"]
[White "Lukasiewicz, Grzegorz"]
[Black "Strikovic, Aleksa"]
[Result "1/2-1/2"]
[WhiteElo "2340"]
[BlackElo "2470"]

1.d4 g6 2.c4 Bg7 3.e4 d6 4.Nc3 Nf6 5.Be2 O-O 6.Nf3 e5 7.dxe5 dxe5 8.Qxd8 Rxd8
9.Bg5 Re8 10.h3 c6 11.O-O Na6 12.Be3 Bf8 13.Rfd1 Nc5 14.Nd2 a5 15.Bf1 Be6
16.Rab1 Red8 17.Nf3 Nfxe4 18.Nxe4 Nxe4 19.Nxe5 Bg7 20.Rxd8+ Rxd8 21.Nf3 a4
22.Re1 Rd7 23.Bc1 Nc5 24.Ng5 Nd3 25.Bxd3 Rxd3 26.Nxe6 fxe6 27.Kf1 Rd4  1/2-1/2

[Event "Montpellier-B"]
[Site "Montpellier"]
[Date "1989.??.??"]
[Round "?"]
[White "Verdier, Patrice"]
[Black "Strikovic, Aleksa"]
[Result "0-1"]
[WhiteElo "2245"]
[BlackElo "2470"]

1.d4 g6 2.c4 Bg7 3.e4 d6 4.Nc3 Nf6 5.Nf3 O-O 6.Be2 e5 7.dxe5 dxe5 8.Qxd8 Rxd8
9.Bg5 c6 10.Nxe5 h6 11.Bh4 Na6 12.Nd3 g5 13.Bg3 Be6 14.e5 Nd7 15.b3 Bf5 16.Rd1 Bxd3
17.Rxd3 Nxe5 18.Re3 Ng6 19.a3 f5 20.Bh5 f4 21.Bxg6 fxe3 22.Ne4 exf2+ 23.Kxf2 Nc5
24.Nd6 Bf8 25.Bf7+ Kg7 26.Be5+ Kh7  0-1

[Event "Montpellier-A"]
[Site "Montpellier"]
[Date "1989.??.??"]
[Round "?"]
[White "Skembris, Spyridon"]
[Black "Weill, Roland"]
[Result "1-0"]
[WhiteElo "2420"]
[BlackElo "2235"]

1.d4 g6 2.e4 Bg7 3.c4 d6 4.Nc3 Nd7 5.Nf3 e5 6.Be2 Ngf6 7.O-O O-O 8.Re1 c6
9.Rb1 a5 10.h3 exd4 11.Nxd4 Nc5 12.Bf3 Nfd7 13.Be3 Ne5 14.Be2 f5 15.f4 Nf7
16.exf5 gxf5 17.Bf3 Qh4 18.Qd2 Bd7 19.Rbd1 Rae8 20.Qf2 Qxf2+ 21.Kxf2 Re7
22.Nde2 Rfe8 23.Bd4 Bxd4+ 24.Rxd4 Ne6 25.Rdd1 Ng7 26.Rd3 Be6 27.b3 Rd8 28.Ng3 Kf8
29.Red1 Red7 30.Na4 Rc7 31.Nb6 d5 32.R1d2 Nd6 33.cxd5 cxd5 34.Bxd5 Bc8 35.Bf3 Nge8
36.Bh5 Ne4+ 37.Nxe4 Rxd3 38.Rxd3 fxe4 39.Rd8  1-0

[Event "Montpellier-A"]
[Site "Montpellier"]
[Date "1989.??.??"]
[Round "?"]
[White "Farago, Ivan"]
[Black "Todorcevic, Miodrag"]
[Result "1/2-1/2"]
[WhiteElo "2495"]
[BlackElo "2530"]

1.d4 g6 2.c4 Bg7 3.e4 d6 4.Nc3 Nd7 5.Nf3 e5 6.Be2 Ngf6 7.O-O O-O 8.Be3 exd4
9.Nxd4 Re8 10.f3 c6 11.Nc2 Ne5 12.Qd2 Be6 13.b3 d5 14.exd5 cxd5 15.c5 Qe7
16.Rfe1 a6 17.Rac1 Nc6 18.Bf1 Rad8 19.Nd4 Nd7 20.Nxc6 bxc6 21.Ne2 Nb8 22.Bg5 f6
23.Bf4 Qb7 24.Nd4 Bf7 25.Qa5 f5 26.Ne6 Bxe6 27.Rxe6 Rc8 28.Rce1 Rxe6 29.Rxe6 Qf7
30.Re1 Qf6 31.Be5 Qf7 32.Bxa6 Nxa6 33.Qxa6 Re8 34.f4 Qd7 35.Re2 Bxe5 36.fxe5 Qc7
37.e6 Qf4 38.Qa5 Qd4+ 39.Kh1 f4 40.Re1 f3 41.gxf3 Qf2 42.e7 Qxf3+ 43.Kg1 Qg4+
44.Kh1  1/2-1/2

[Event "Moscow2+"]
[Site "Moscow"]
[Date "1989.??.??"]
[Round "?"]
[White "Perelshteyn, Mikhail"]
[Black "Muratov, Vladimir A"]
[Result "1/2-1/2"]
[WhiteElo "2325"]
[BlackElo "2410"]

1.d4 Nf6 2.c4 g6 3.Nc3 Bg7 4.Nf3 d6 5.e4 O-O 6.Be2 e5 7.dxe5 dxe5 8.Qxd8 Rxd8
9.Bg5 Re8 10.Rd1 h6 11.Bxf6 Bxf6 12.Nd5 Bd8 13.Nxe5 Rxe5 14.Nb6 axb6 15.Rxd8+ Kg7
16.Rxc8 Rxa2 17.Rxb8 Rxe4 18.Rd8 Rxb2 19.Rd2 Rb1+  1/2-1/2

[Event "URS-sf Moscow-ch"]
[Site "Moscow"]
[Date "1989.??.??"]
[Round "?"]
[White "Bareev, Evgeny"]
[Black "Glek, Igor V"]
[Result "1-0"]
[WhiteElo "2580"]
[BlackElo "2505"]

1.d4 Nf6 2.Nf3 g6 3.c4 Bg7 4.Nc3 O-O 5.e4 d6 6.Be2 e5 7.O-O Na6 8.Re1 c6
9.Bf1 Bg4 10.d5 Nb4 11.Be2 a5 12.Be3 c5 13.g3 Ne8 14.a3 Na6 15.Qd2 Rb8 16.Nh4 Bd7
17.Ng2 Nac7 18.a4 f5 19.f4 b6 20.fxe5 dxe5 21.exf5 gxf5 22.Bg5 Bf6 23.Bh6 Nd6
24.Bxf8 Qxf8 25.Rf1 Qg7 26.Rae1 Kh8 27.b3 Rg8 28.Bd1 Nce8 29.Kh1 Bg5 30.Qe2 Nf7
31.Bc2 Nh6 32.Nd1 Bf6 33.Nde3 Nd6 34.Rf2 Rf8 35.Ref1 Be7 36.Qh5 Qg6 37.Qd1 Qg5
38.Qe1 Bf6 39.Rf3 Bg7 40.Qf2 Rf7 41.Qe1 Qe7 42.Qb1 Qg5 43.h4 Qe7 44.Rxf5 Bxf5
45.Bxf5 e4 46.Be6 Rf3 47.Rxf3 exf3 48.Nf4 Bd4 49.Nf1 Qf6 50.Qd3 f2 51.Kg2 Qe5
52.Qf3 Ne4 53.Nd3  1-0

[Event "Moscow2"]
[Site "Moscow"]
[Date "1989.??.??"]
[Round "?"]
[White "Gavrilov, Alexei"]
[Black "Umansky, Vladimir"]
[Result "1/2-1/2"]
[WhiteElo "2370"]
[BlackElo "2330"]

1.d4 Nf6 2.c4 g6 3.Nc3 Bg7 4.e4 d6 5.Nf3 O-O 6.Be2 e5 7.O-O Na6 8.Be3 h6
9.h3 exd4 10.Bxd4 Re8 11.Bd3 Nb4 12.Re1 Nc6 13.Be3 Nd7 14.Qd2 Kh7 15.Rad1 Nde5
16.Be2 Be6 17.Nxe5 dxe5 18.Qxd8  1/2-1/2

[Event "Moscow-A"]
[Site "Moscow"]
[Date "1989.??.??"]
[Round "?"]
[White "Belov, Igor"]
[Black "Gruenberg, Hans Ulrich"]
[Result "1/2-1/2"]
[WhiteElo "2425"]
[BlackElo "2475"]

1.Nf3 Nf6 2.c4 g6 3.Nc3 Bg7 4.e4 d6 5.d4 O-O 6.Be2 e5 7.dxe5 dxe5 8.Qxd8 Rxd8
9.Bg5 Re8 10.Nd5 Nxd5 11.cxd5 c6 12.Bc4 cxd5 13.Bxd5 Na6 14.O-O-O Nc7 15.Bb3 Bg4
16.h3 Bxf3 17.gxf3 Ne6 18.Bxe6 Rxe6 19.Rd7 b5 20.Rhd1 h6 21.Bd8 Bf8 22.R1d5 Rc8+
23.Kd1 Bc5 24.Bc7 Bd4 25.Rxb5 Rc6 26.Rd8+ Rxd8 27.Bxd8 Kg7 28.Ba5 g5 29.Kd2 f6
30.Rb7+ Kg6 31.Bb4 Bxb2 32.Rxa7 Bd4 33.Rd7 Bxf2 34.Bf8 Bd4 35.a4 Ra6 36.Rg7+ Kh5
37.Rh7 Kg6 38.Rg7+ Kh5 39.Rh7 Kg6 40.Rg7+ Kh5 41.Rh7 Kg6  1/2-1/2

[Event "Moscow1"]
[Site "Moscow"]
[Date "1989.??.??"]
[Round "?"]
[White "Khenkin, Igor"]
[Black "Bokan, Danko"]
[Result "0-1"]
[WhiteElo "2415"]
[BlackElo "2255"]

1.d4 Nf6 2.c4 g6 3.Nc3 Bg7 4.e4 d6 5.Nf3 O-O 6.Be2 e5 7.d5 a5 8.Bg5 h6 9.Bh4 Na6
10.Nd2 Qe8 11.O-O Nh7 12.a3 Bd7 13.b3 h5 14.f3 Bh6 15.Rb1 Be3+ 16.Bf2 Bxf2+
17.Rxf2 Qe7 18.b4 axb4 19.axb4 c5 20.bxc5 Nxc5 21.Nb3 b6 22.Nd2 Rfb8 23.Qc2 Kg7
24.Rbf1 f6 25.Kh1 g5 26.g3 Rf8 27.f4 g4 28.Qb2 Ra6 29.Rg1 Rfa8 30.h3 Ra3
31.Rh2 f5 32.hxg4 hxg4 33.Rf1 Nf6 34.Ndb1 Rb3 35.Qc1 Ncxe4 36.Nxe4 Nxe4 37.fxe5 Nxg3+
38.Kg2 Rh8 39.Rxh8 Kxh8 40.Qh6+ Kg8 41.Bd1 Rb2+ 42.Rf2 Rxf2+ 43.Kxf2 Ne4+
44.Kf1 Qxe5 45.Bc2 Qg7 46.Qe3 Qg5 47.Ke2 Qxe3+ 48.Kxe3 Ng5 49.Nc3 Nh3 50.Ke2 Kg7
51.Ba4 Bxa4 52.Nxa4 Kf6 53.Nxb6 Ke5 54.Nc8 f4 55.Ne7 Kd4 56.Nf5+ Kxc4 57.Nxd6+ Kxd5
58.Nf5 Ke4 59.Nd6+ Ke5 60.Nf7+ Kf6 61.Nd6 Kg5 62.Ne4+ Kh4 63.Kf1 f3 64.Nd2 Kg5
65.Ne4+ Kf4 66.Nc5 g3 67.Nd3+ Ke3 68.Ne1 Ke4 69.Ng2 fxg2+ 70.Kxg2 Kf4 71.Kh1 Nf2+
72.Kg2 Kg4  0-1

[Event "Moscow1"]
[Site "Moscow"]
[Date "1989.??.??"]
[Round "?"]
[White "Naumkin, Igor"]
[Black "Bokan, Danko"]
[Result "1-0"]
[WhiteElo "2435"]
[BlackElo "2255"]

1.d4 Nf6 2.c4 g6 3.Nc3 Bg7 4.e4 d6 5.Nf3 O-O 6.Be2 e5 7.d5 a5 8.Bg5 h6 9.Bh4 Na6
10.Nd2 Qe8 11.O-O Nh7 12.a3 Bd7 13.b3 h5 14.f3 Bh6 15.Kh1 Be3 16.Rb1 Bc5
17.Qc1 f6 18.Na2 g5 19.Be1 g4 20.b4 axb4 21.axb4 Be3 22.Nc3 Qg6 23.Nd1 Bh6
24.Qc3 Kh8 25.Ne3 Qg5 26.Nf5 Rg8 27.fxg4 hxg4 28.Rf2 Qh5 29.Nf1 Bf4 30.N1g3 Qg5
31.Rf1 Nf8 32.c5 Ng6 33.cxd6 cxd6 34.Nxd6 Rg7 35.Ngf5 Rh7 36.g3 Nc7 37.gxf4 Nxf4
38.Rxf4 exf4 39.Bh4 Qg6 40.Qxf6+ Qxf6 41.Bxf6+ Kg8 42.Bxg4 Ra2 43.h4 Ra6
44.Rg1 Kf8 45.Be5  1-0

[Event "Moscow1"]
[Site "Moscow"]
[Date "1989.??.??"]
[Round "?"]
[White "Naumkin, Igor"]
[Black "Kuzmin, Alexey"]
[Result "1/2-1/2"]
[WhiteElo "2435"]
[BlackElo "2465"]

1.d4 Nf6 2.c4 g6 3.Nc3 Bg7 4.e4 d6 5.Nf3 O-O 6.Be2 e5 7.d5 a5 8.Bg5 h6 9.Bh4 Na6
10.Nd2 Qe8 11.O-O Nh7 12.a3 Bd7 13.b3 f5 14.exf5 gxf5 15.Bh5 Qc8 16.Be7 Re8
17.Bxe8 Qxe8 18.Bh4 e4 19.Rc1 Nc5 20.Rc2 Nf8 21.Ne2 Ng6 22.Bg3 Nd3 23.f3 e3
24.Nb1 Nb2 25.Rxb2 Bxb2 26.Re1 h5 27.h3 Qf7 28.f4 h4 29.Bh2 Bg7 30.Qd3 Re8
31.Nbc3 c6 32.Kh1 a4 33.bxa4 cxd5 34.cxd5 Qf6 35.Rb1 Bc8 36.Nd1 Qe7 37.Rb3 Qe4
38.Nxe3 Qxa4 39.Rb4 Qa6 40.Nc4 Re4 41.Nc3 Re1+ 42.Bg1 Nxf4 43.Qd2 Bxc3 44.Qxf4 Bxb4
45.axb4 Qa1 46.Qg5+ Kf8 47.Qd8+ Kg7 48.Qc7+ Kg6 49.Qxd6+ Be6 50.Kh2 Kh5 51.Qc5 Rxg1
52.Qxg1 Qxg1+ 53.Kxg1 Bxd5 54.Ne5  1/2-1/2

[Event "URS-ch sf"]
[Site "Moscow"]
[Date "1989.??.??"]
[Round "?"]
[White "Kiselev, Sergey"]
[Black "Glek, Igor V"]
[Result "1/2-1/2"]
[WhiteElo "2445"]
[BlackElo "2475"]

1.d4 Nf6 2.Nf3 g6 3.c4 Bg7 4.Nc3 O-O 5.e4 d6 6.Be2 e5 7.O-O Na6 8.Be3 Ng4
9.Bg5 Qe8 10.dxe5 dxe5 11.Nd2 Bf6 12.h4 h6 13.Bxg4 hxg5 14.Nd5 Qd8 15.h5 c6
16.Ne3 Nc5 17.hxg6 fxg6 18.Bxc8 Rxc8 19.b4 Ne6 20.c5 b5 21.Nb3 Qe7 22.Qe2 Kg7
23.Rad1 Rcd8 24.g3 Nd4 25.Nxd4 exd4 26.Ng4 Qe6 27.Rd3 Rd7 28.e5 Be7 29.Rfd1 Rfd8
30.a3 a5 31.Qe4 Qd5 32.Qxd5 Rxd5 33.Kg2 Kf7 34.Kf3 Ke6 35.Ke4 axb4 36.axb4 Ra8
37.Rxd4 Ra4 38.R1d3 Rxd4+ 39.Rxd4 Ra2 40.f4 gxf4 41.gxf4 Rb2 42.Ne3 Bf8 43.Nd1 Re2+
44.Kf3 Rc2 45.Rd8 Be7 46.Rg8 Kf7 47.Rc8 Rc4 48.Rxc6 g5 49.e6+ Kf6 50.fxg5+ Ke5
51.g6 Rf4+ 52.Ke2 Re4+ 53.Kf1 Rg4 54.Nc3 Rxg6 55.Nxb5 Rg4 56.Rb6 Rxb4 57.c6 Kxe6
58.c7+ Kd7 59.Rc6 Rf4+ 60.Ke2 Rf8 61.Na7 Rc8  1/2-1/2

[Event "URS-ch sf"]
[Site "Moscow"]
[Date "1989.??.??"]
[Round "?"]
[White "Kiselev, Sergey"]
[Black "Zlochevskij, Alexander"]
[Result "1-0"]
[WhiteElo "2445"]
[BlackElo "2360"]

1.d4 Nf6 2.Nf3 g6 3.c4 Bg7 4.Nc3 O-O 5.e4 d6 6.Be2 e5 7.O-O Na6 8.Re1 c6
9.Bf1 Bg4 10.d5 c5 11.a3 Ne8 12.h3 Bd7 13.Rb1 h6 14.b4 f5 15.exf5 gxf5 16.Nb5 b6
17.Nh2 f4 18.Nc3 Nf6 19.Bd3 Nc7 20.bxc5 bxc5 21.Nf3 Rb8 22.Rxb8 Qxb8 23.Nh4 Na8
24.Bc2 Nb6 25.Qd3 Qd8 26.a4 Nc8 27.Bd2 Ne7 28.Rb1 a6 29.a5 Qxa5 30.Rb7 Qd8
31.Ne4 Nxe4 32.Qxe4 Rf7 33.Ba5 Qxa5 34.Rxd7 Bf6 35.Ng6 Rg7 36.Nxf4 exf4 37.Qe6+ Rf7
38.Bg6 Qe1+ 39.Qxe1 Nxg6  1-0

[Event "Moscow1"]
[Site "Moscow"]
[Date "1989.??.??"]
[Round "?"]
[White "Kuzmin, Alexey"]
[Black "Zaitsev, Igor A"]
[Result "1/2-1/2"]
[WhiteElo "2465"]
[BlackElo "2390"]

1.d4 Nf6 2.c4 g6 3.Nc3 Bg7 4.e4 d6 5.Nf3 O-O 6.Be2 e5 7.dxe5 dxe5 8.Qxd8 Rxd8
9.Bg5 Re8 10.Nd5 Nxd5 11.cxd5 c6 12.Bc4 b5 13.Bb3 Bb7 14.dxc6 Nxc6 15.O-O-O Nd4  1/2-1/2

[Event "Moscow2"]
[Site "Moscow"]
[Date "1989.??.??"]
[Round "?"]
[White "Umansky, Vladimir"]
[Black "Komliakov, Viktor"]
[Result "1-0"]
[WhiteElo "2330"]
[BlackElo "2400"]

1.d4 d6 2.Nf3 Nf6 3.c4 g6 4.Nc3 Nbd7 5.e4 e5 6.Be2 Bg7 7.O-O O-O 8.Qc2 Re8
9.d5 Nh5 10.g3 Bf8 11.Nh4 Ng7 12.Bh6 Be7 13.Ng2 Bg5 14.Bxg5 Qxg5 15.f4 exf4
16.gxf4 Qd8 17.Rae1 f5 18.Bd3 fxe4 19.Nxe4 Nc5 20.Nxc5 dxc5 21.Qf2 b6 22.Rxe8+ Qxe8
23.Re1 Qd8 24.Re5 Qf6 25.Qh4 Qxh4 26.Nxh4 Bg4 27.f5 gxf5 28.Bxf5 Nxf5 29.Nxf5 Bh3
30.Ne7+ Kf7 31.Rh5 Rh8 32.Rxh3 Kxe7 33.Rh6 a5 34.a4 Kd8 35.Kf2 Rf8+ 36.Ke3 Re8+
37.Kf3 Rf8+ 38.Ke4 Re8+ 39.Re6 Rg8 40.Rf6 Rg4+ 41.Kd3 Rg7 42.Ke4 Rg4+ 43.Kd3 Rg7
44.b3 Re7 45.Rf4 Kd7 46.Re4 Rg7 47.Re5 Rg6 48.Rh5 h6 49.Ke4 Ke7 50.Rh3 Rg4+
51.Kf5 Rg5+ 52.Kf4 Rg6 53.Rg3 Rf6+ 54.Kg4 c6 55.Re3+ Kd7 56.dxc6+ Kxc6 57.Kh5 Kb7
58.h4 Rd6 59.Rg3 Ka6 60.Rf3 Re6 61.Rg3 Rd6 62.Rg6 Rd3 63.Kxh6 Rxb3 64.h5 Rb4
65.Kg7 Rxc4 66.h6 Rh4 67.h7 Rxh7+ 68.Kxh7 c4 69.Rc6 Kb7 70.Rxc4 b5  1-0

[Event "URS-sf Moscow-ch"]
[Site "Moscow"]
[Date "1989.??.??"]
[Round "?"]
[White "Krasenkow, Michal"]
[Black "Arbakov, Valentin"]
[Result "1-0"]
[WhiteElo "2505"]
[BlackElo "2405"]

1.Nf3 Nf6 2.c4 d6 3.d4 Nbd7 4.Nc3 e5 5.e4 g6 6.Be2 Bg7 7.O-O O-O 8.Qc2 c6
9.d5 a6 10.Be3 cxd5 11.cxd5 Ng4 12.Bg5 f6 13.Bd2 Nh6 14.a4 f5 15.Ng5 Nc5
16.Bc4 Qe7 17.b4 Nxe4 18.Ncxe4 fxe4 19.Ne6 Bxe6 20.dxe6 Nf5 21.Qxe4 Nd4 22.f4 Nxe6
23.f5 gxf5 24.Rxf5 Rxf5 25.Qxf5 Re8 26.Rf1 Kh8 27.Bd5 Nf8 28.Be4 Ng6 29.Qh3 Nh4
30.Be1 d5 31.Bxh4 Qxb4 32.Bxh7  1-0

[Event "Munich"]
[Site "Munich"]
[Date "1989.??.??"]
[Round "?"]
[White "Hansen, Lars Bo"]
[Black "Piket, Jeroen"]
[Result "0-1"]
[WhiteElo "2540"]
[BlackElo "2500"]

1.c4 g6 2.Nc3 Bg7 3.d4 Nf6 4.e4 d6 5.Nf3 O-O 6.Be2 e5 7.O-O Nbd7 8.Qc2 c6
9.Rd1 Qe7 10.d5 a5 11.b3 Nc5 12.Bg5 Rd8 13.Nd2 h6 14.Be3 Ng4 15.Bxg4 Bxg4
16.f3 Bd7 17.a3 Be8 18.b4 Nd7 19.Nb3 axb4 20.axb4 Rxa1 21.Rxa1 Nf6 22.Qd2 cxd5
23.Nxd5 Nxd5 24.Qxd5 Rc8 25.Ra7 Qh4 26.Bf2 Qf4 27.b5 Bd7 28.Qxb7 Rxc4 29.Ra1 Be6
30.b6 Rc2 31.Qa8+ Kh7 32.b7 Bxb3 33.h3 Qd2 34.Qa7 d5 35.b8=Q d4 36.Rf1 Bc4
37.Qaa8 f6 38.Qe8 Ra2 39.Qac8 Qe2 40.Qxc4 Qxc4 41.h4 h5 42.g4 Qa4 43.Qe6 Qa6
44.Qd7 Qa7 45.Qe6 Ra6 46.Qc8 Qa8 47.Qxa8 Rxa8 48.Rb1 hxg4 49.fxg4 Ra2 50.Kf1 Bh6
51.Rb3 Bf4 52.Rf3 Rd2 53.Ke1 d3 54.Rh3 f5 55.gxf5 gxf5 56.exf5 e4 57.f6 Rc2  0-1

[Event "Naleczow op"]
[Site "Naleczow"]
[Date "1989.??.??"]
[Round "?"]
[White "Ksieski, Zbigniew"]
[Black "Grabarczyk, Bogdan"]
[Result "1-0"]
[WhiteElo "2365"]
[BlackElo "2345"]

1.Nf3 Nf6 2.c4 g6 3.Nc3 d6 4.d4 Bg7 5.e4 O-O 6.Be2 e5 7.Be3 Ng4 8.Bg5 f6
9.Bh4 g5 10.Bg3 Nh6 11.c5 g4 12.Nh4 f5 13.Nxf5 Nxf5 14.exf5 exd4 15.Nb5 Nc6
16.cxd6 cxd6 17.O-O Bxf5 18.Nxd6 Bg6 19.Bd3 Ne5 20.Bxe5 Bxe5 21.Nc4 Bxd3
22.Qxd3 Bg7 23.Rae1 Qc7 24.a4 Rac8 25.b3 Rce8 26.Rxe8 Rxe8 27.Qf5 Qe7 28.Qxg4 Qe2
29.Qd7 d3 30.Qd5+ Kh8 31.Nd6 Bc3 32.Nxe8 d2 33.Qf3  1-0

[Event "New York Manhattan"]
[Site "New York"]
[Date "1989.??.??"]
[Round "?"]
[White "Bonin, Jay R"]
[Black "Brooks, Michael A"]
[Result "0-1"]
[WhiteElo "2400"]
[BlackElo "2385"]

1.d4 Nf6 2.c4 g6 3.Nc3 Bg7 4.e4 d6 5.Nf3 O-O 6.Be2 Nbd7 7.O-O e5 8.Be3 c6
9.dxe5 dxe5 10.Nd2 Ne8 11.c5 Nc7 12.Nc4 Ne6 13.b4 Nd4 14.Nd6 b6 15.cxb6 Nxb6
16.Nxc8 Qxc8 17.Rc1 Qe6 18.Bg4 f5 19.exf5 gxf5 20.Bh3 Qg6 21.Bxd4 exd4 22.Ne2 Nd5
23.Nxd4 Nf4 24.Nxc6 Nxh3+ 25.Kh1 Qe6 26.gxh3 Qe4+ 27.f3 Qf4 28.Qd5+ Kh8 29.Rc4 Qe3
30.Rh4 Rae8 31.Rh5 Re6 32.Nd8 Rg6 33.Nf7+ Rxf7 34.Qxf7 Qe2 35.Qxg6 Qxf1+
36.Qg1 Qxf3+ 37.Qg2 Qd1+ 38.Qg1 Qd5+ 39.Qg2 Qd1+ 40.Qg1 Qxh5 41.Qxa7 Qd1+
42.Kg2 Qd5+  0-1

[Event "New York op"]
[Site "New York"]
[Date "1989.??.??"]
[Round "5"]
[White "Henley, Ron W"]
[Black "Brooks, Michael A"]
[Result "0-1"]
[WhiteElo "2505"]
[BlackElo "2385"]

1.d4 Nf6 2.c4 g6 3.Nc3 Bg7 4.e4 d6 5.Be2 O-O 6.Nf3 Nbd7 7.O-O e5 8.d5 Nc5
9.Qc2 a5 10.b3 Nh5 11.Bg5 f6 12.Be3 Nf4 13.Rad1 f5 14.Bxc5 dxc5 15.Bd3 Ra6
16.Rde1 Re8 17.Re3 Qd7 18.Rd1 Nxg2 19.Kxg2 f4 20.Ng1 fxe3 21.fxe3 Rf6 22.Rf1 Rxf1
23.Bxf1 Rf8 24.Be2 Qe7 25.Nd1 Bh6 26.Bf3 Qg5+ 27.Kh1 Bg4  0-1

[Event "NLD-chJ"]
[Site "?"]
[Date "1989.??.??"]
[Round "6"]
[White "Van Wely, Loek"]
[Black "Martens, Martin"]
[Result "1-0"]
[WhiteElo "2295"]
[BlackElo "2315"]

1.d4 Nf6 2.Nf3 g6 3.c4 Bg7 4.Nc3 O-O 5.e4 d6 6.Be2 Nbd7 7.O-O e5 8.Be3 h6
9.Ne1 exd4 10.Bxd4 Qe7 11.f3 c6 12.Nc2 Nb6 13.Re1 Be6 14.b3 Rad8 15.Qd2 Rfe8
16.Rad1 Kh7 17.Kh1 Qf8 18.Bf1 Qh8 19.Ne2 Qf8 20.Ne3 Qe7 21.a4 Nh5 22.a5 Nc8
23.g4 Bxd4 24.Qxd4 Ng7 25.f4 Bd7 26.Bg2 Ne6 27.Qc3 Rg8 28.Rf1 Nf8 29.Ng3 f6
30.b4 a6 31.h4 Be8 32.Rf2 Nd7 33.Bf3 Qf8 34.Rh2 Rg7 35.Rf1 Kg8 36.Bd1 Bf7
37.g5 hxg5 38.hxg5 Rh7 39.Rxh7 Kxh7 40.gxf6 Kg8 41.Kg2  1-0

[Event "Novi Sad op"]
[Site "Novi Sad"]
[Date "1989.??.??"]
[Round "2"]
[White "Radocaj, Denis"]
[Black "Bulajic, Ratko"]
[Result "0-1"]
[WhiteElo "2280"]
[BlackElo "2230"]

1.d4 Nf6 2.c4 g6 3.Nc3 Bg7 4.e4 d6 5.Nf3 O-O 6.Be2 e5 7.Be3 Nbd7 8.d5 h6
9.Nd2 a5 10.a3 Nh7 11.b4 f5 12.f3 Qh4+ 13.Bf2 Qg5 14.g3 Qe7 15.Rc1 h5 16.Nb5 fxe4
17.Nxe4 Ndf6 18.c5 Nxe4 19.fxe4 axb4 20.cxd6 cxd6 21.axb4 Bh6 22.Ra1 Rxa1
23.Qxa1 Bh3 24.Nc3 Qg5 25.Qb2 Nf6 26.Bf1 Ng4 27.Bb6 Bxf1 28.Rxf1 Rc8 29.h4 Qe7
30.Rf3 Qd7 31.Qe2 Ra8 32.Qb5 Qc8 33.Kd1 Ra3 34.Kc2 Ne3+ 35.Rxe3 Bxe3  0-1

[Event "Novi Sad op"]
[Site "Novi Sad"]
[Date "1989.??.??"]
[Round "6"]
[White "Mijailovic, Zoran"]
[Black "Zlochevskij, Alexander"]
[Result "1/2-1/2"]
[WhiteElo "2325"]
[BlackElo "2395"]

1.Nf3 Nf6 2.c4 g6 3.Nc3 Bg7 4.e4 d6 5.d4 O-O 6.Be2 e5 7.Be3 h6 8.O-O Ng4
9.Bc1 Nc6 10.d5 Ne7 11.Ne1 f5 12.Bxg4 fxg4 13.f3 gxf3 14.Rxf3 Rxf3 15.Qxf3 Bd7
16.Nd3 g5 17.Be3 Ng6 18.g3 a6 19.c5 Qe7 20.Rf1 Rf8  1/2-1/2

[Event "Novi Sad op"]
[Site "Novi Sad"]
[Date "1989.??.??"]
[Round "7"]
[White "Radocaj, Denis"]
[Black "Rogic, Davor"]
[Result "1-0"]
[WhiteElo "2280"]
[BlackElo "2270"]

1.d4 Nf6 2.c4 g6 3.Nc3 Bg7 4.e4 d6 5.Nf3 O-O 6.Be2 e5 7.Be3 h6 8.O-O Ng4
9.Bc1 Nc6 10.d5 Ne7 11.Nd2 f5 12.Bxg4 fxg4 13.b4 g5 14.c5 Ng6 15.Nc4 Nh4
16.Be3 Rf6 17.a4 Bd7 18.b5 b6 19.c6 Bc8 20.a5 Rb8 21.axb6 axb6 22.Qa4 Nf3+
23.gxf3 gxf3 24.Kh1 Bh3 25.Rg1 Bg2+ 26.Rxg2 fxg2+ 27.Kg1 Qc8 28.Qa7 Rf8 29.Ra3 g4
30.Kxg2 h5 31.Bxb6 cxb6 32.Nxd6 Qd8 33.Nf5 Rf7 34.Qxf7+ Kxf7 35.Ra7+ Kf6
36.c7 Qc8 37.cxb8=Q Qxb8 38.Rxg7 Qc8 39.Rg6+  1-0

[Event "Novi Sad op"]
[Site "Novi Sad"]
[Date "1989.??.??"]
[Round "8"]
[White "Milanovic, Vojislav"]
[Black "Kokeza, Mirko"]
[Result "1-0"]
[WhiteElo "2230"]
[BlackElo "2295"]

1.d4 Nf6 2.Nf3 g6 3.c4 Bg7 4.Nc3 O-O 5.e4 d6 6.Be2 e5 7.Be3 h6 8.dxe5 dxe5
9.Qxd8 Rxd8 10.Nd5 Nxd5 11.cxd5 c6 12.Bc4 cxd5 13.Bxd5 Nc6 14.O-O-O Bg4 15.Bxc6 Rdc8
16.Kb1 Rxc6 17.Rc1 Ra6 18.Nd2 Be6 19.b3 f5 20.f3 f4 21.Bc5 b5 22.Kb2 Rd8
23.Nb1 Rd7 24.Rhd1 Bf8 25.Rxd7 Bxd7 26.Bxf8 Kxf8 27.Rc5 Re6 28.Rc7 Ke7 29.Nc3 a6
30.Nd5+ Kd6 31.Ra7 Bc6 32.Rxa6 Kc5 33.Kc3  1-0

[Event "Nuremberg op"]
[Site "Nuremberg"]
[Date "1989.??.??"]
[Round "?"]
[White "Pohl Kuemmel, Jens Uwe"]
[Black "Kurz, Eugen"]
[Result "0-1"]
[WhiteElo "2250"]
[BlackElo "2230"]

1.d4 Nf6 2.c4 g6 3.Nc3 Bg7 4.e4 d6 5.Nf3 O-O 6.Be2 e5 7.dxe5 dxe5 8.Qxd8 Rxd8
9.Bg5 c6 10.O-O Na6 11.Rad1 Bg4 12.h3 Bxf3 13.Bxf3 Nc5 14.Rxd8+ Rxd8 15.Bxf6 Bxf6
16.Rd1 Rd4 17.b3 a5 18.Kf1 Kf8 19.Ke2 Ke7 20.g3 Kd6 21.h4 h5 22.Rd2 Ne6 23.Kd1 Kc5
24.Kc2 Be7 25.Ne2 Rxd2+ 26.Kxd2 Kb4 27.Nc1 Ka3 28.Bd1 Bc5 29.Nd3 Kxa2 30.f3 Bd4
31.b4 axb4 32.Nxb4+ Ka3 33.Nc2+ Kb2 34.Nb4 Bc3+  0-1

[Event "Kotov mem"]
[Site "Odessa"]
[Date "1989.??.??"]
[Round "?"]
[White "Neverov, Valeriy"]
[Black "Glek, Igor V"]
[Result "1/2-1/2"]
[WhiteElo "2475"]
[BlackElo "2505"]

1.d4 Nf6 2.c4 g6 3.Nc3 Bg7 4.e4 d6 5.Nf3 O-O 6.Be2 e5 7.O-O Na6 8.Be3 Ng4
9.Bg5 Qe8 10.h3 h6 11.Bc1 Nf6 12.dxe5 dxe5 13.Be3 Nh5 14.c5 Nf4 15.Bxa6 bxa6
16.Nd5 Nxd5 17.Qxd5 Rb8 18.Qd2 Kh7 19.Qc3 Qb5 20.b3 Bb7 21.Nxe5 Qe8 22.Bd4 Rd8
23.f4 Bxe4 24.Rae1  1/2-1/2

[Event "Thaelmann mem"]
[Site "Ost-Berlin"]
[Date "1989.??.??"]
[Round "?"]
[White "Azmaiparashvili, Zurab"]
[Black "Vogt, Lothar"]
[Result "1-0"]
[WhiteElo "2560"]
[BlackElo "2505"]

1.c4 g6 2.d4 Nf6 3.Nc3 Bg7 4.e4 d6 5.Be2 O-O 6.Nf3 e5 7.O-O Nbd7 8.Qc2 c6
9.Rd1 Qe7 10.Rb1 exd4 11.Nxd4 Nc5 12.f3 Nh5 13.Qd2 Rd8 14.Bf1 a5 15.Qf2 Re8
16.g4 Nf6 17.Bf4 Nfd7 18.Rd2 Ne5 19.Rbd1 Qf6 20.Qg3 Ne6 21.Nxe6 fxe6 22.Kg2 Rf8
23.Bxe5 dxe5 24.Na4 Bh6 25.Rd6 Be3 26.c5 Rb8 27.R1d3 Bd4 28.g5 Qe7 29.h4 b5
30.R6xd4 exd4 31.Qxb8 e5 32.Qd6 Qxd6 33.cxd6 bxa4 34.Ra3 Bd7 35.Rxa4 Ra8
36.b4 Rb8 37.bxa5 c5 38.Ra3 Be6 39.a6 c4 40.a7 Ra8 41.d7  1-0

[Event "Thaelmann mem"]
[Site "Ost-Berlin"]
[Date "1989.??.??"]
[Round "?"]
[White "Boensch, Uwe"]
[Black "Chekhov, Valery A"]
[Result "0-1"]
[WhiteElo "2490"]
[BlackElo "2480"]

1.d4 Nf6 2.c4 g6 3.Nc3 Bg7 4.e4 d6 5.Be2 O-O 6.Nf3 e5 7.O-O Na6 8.Be3 Ng4
9.Bg5 Qe8 10.dxe5 dxe5 11.Ne1 h6 12.Bd2 f5 13.exf5 gxf5 14.Bxg4 fxg4 15.Nc2 Be6
16.Qe2 Qg6 17.Be3 Bf5 18.Ne1 c6 19.Rd1 Nc7 20.Bc5 Rfe8 21.Nd3 b6 22.Ba3 Rad8
23.Nxe5 Rxd1 24.Nxg6 Rxe2 25.Rxd1 Bxc3 26.Ne7+ Rxe7 27.Bxe7 Bxb2 28.Rd6 c5
29.Rxh6 Kf7 30.Rc6 Ne8 31.Bd8 Bg7 32.Bxb6 Bd7 33.Rxc5 axb6 34.Rd5 Be6 35.Rb5 Bd4
36.a4 Nd6 37.Rb4 Bc5 38.Rb3 Nxc4 39.h3 Nd6 40.Rb2 g3  0-1

[Event "Thaelmann mem"]
[Site "Ost-Berlin"]
[Date "1989.??.??"]
[Round "?"]
[White "Boensch, Uwe"]
[Black "Vogt, Lothar"]
[Result "1-0"]
[WhiteElo "2490"]
[BlackElo "2505"]

1.d4 Nf6 2.c4 g6 3.Nc3 Bg7 4.e4 d6 5.Be2 O-O 6.Nf3 e5 7.Be3 h6 8.O-O Nbd7
9.dxe5 dxe5 10.Nd2 Nh7 11.c5 Ng5 12.b4 a5 13.bxa5 Rxa5 14.Nb3 Ra8 15.Bc4 Nf6
16.f3 c6 17.Qc1 Ne6 18.a4 Kh7 19.Rd1 Qe7 20.a5 Nd7 21.Na4 Rd8 22.Bxe6 Qxe6
23.Qc3 Re8 24.Nb6 Rb8 25.Rd6 Qe7 26.Rad1 Nf8 27.a6 bxa6 28.Na5 Qh4 29.Bf2 Qh5
30.Nxc6 Rb7 31.Rd8 Rxd8 32.Nxd8 Rc7 33.c6 Ne6 34.Nxc8 Nd4 35.Qc4 Rxc8 36.c7 Qg5
37.Qxf7 Rxd8 38.cxd8=Q Qxd8 39.Kh1 Qc8 40.Rb1 Nb5 41.Bg1 Qc3 42.h3 h5 43.Qa2 Qd3
44.Ra1  1-0

[Event "Ostend op"]
[Site "Ostend"]
[Date "1989.??.??"]
[Round "6"]
[White "Suba, Mihai"]
[Black "Ree, Hans"]
[Result "0-1"]
[WhiteElo "2500"]
[BlackElo "2460"]

1.c4 g6 2.Nc3 Bg7 3.d4 Nf6 4.e4 d6 5.Nf3 O-O 6.Be2 e5 7.Be3 Nc6 8.d5 Ne7
9.Nd2 Ne8 10.O-O f5 11.f3 Kh8 12.Kh1 Ng8 13.exf5 Bxf5 14.g4 Bd7 15.Nde4 Bh6
16.g5 Bg7 17.Qd2 Ne7 18.Ng3 Nf5 19.Nxf5 Bxf5 20.Rf2 c5 21.Ne4 Nc7 22.Raf1 Qd7
23.b4 b6 24.Bd3 cxb4 25.Qxb4 Na6 26.Qa3 Nc5 27.Nxc5 bxc5 28.Rb1 Rab8 29.Bxf5 gxf5
30.Rxb8 Rxb8 31.Rb2 Re8 32.Rb3 f4 33.Bg1 Qe7 34.Qc1 Qxg5 35.Qb1 Rg8 36.Rb7 Qh5
37.Qd3 Qh3 38.Rxa7 Bf6 39.Qe2 e4 40.Ra3 Bd4 41.Bxd4+ cxd4 42.Rb3 e3 43.Rb1 h5
44.Rd1 Rg3 45.Qb2 Kh7 46.Qc2+ Kh6 47.c5 d3 48.Qb2 Kh7  0-1